000 00290cam a2200121ua 4500
082 _a828.09
_bMUR/PR
100 _aMurray, Middleton J .
_91961
245 _aProblem of Style /
250 _a1 /
260 _aLondon :
_bOxford University Press ,
_c1961.
300 _a133 ; .
942 _cBK
999 _c3505
_d3505